000 01681nam a22002777a 4500
003 DO-SdBNP
005 20220404102356.0
008 210312b2012 dr 00| 0 spa d
020 _a9789945074789
040 _aBPMSU
_bspa
_cBPMSU
082 _a338.97293
_bS194c,2012
_222
100 1 _aSan Miguel, Pedro L
245 1 0 _aCampesino del Cibao :
_beconomía de mercado y transformación agraría de la de la República Dominicana /
_cPedro L. San Miguel
250 _a2a. ed.
260 _aSanto Domingo :
_bArchivo General de la Nación ;
_c2022
_b
300 _a519 p.;
_c24 cm.
500 _a Incluye referencias bibliográficas y notas al pie de las páginas
504 _aBibliografía : p. 278 -304.
505 0 _aIntroducción 7 -- La formación del campesinado: la historia agraria dominicana 17 -- El Cibao: paisajes y regiones 49 -- Población y uso de la tierra 72 -- Comerciantes, intermediarios y campesinos 95 -- La economía rural y el crédito 150 -- La tierra y la sociedad campesina 189 -- El Estado y el campesinado 257 -- Los campesinos del Caribe: una perspectiva cibaeña 323
590 _6Inventariado 2022/VM
650 4 _aCampesinos
_zCibao (República Dominicana)
_xHistoria
650 4 _a Agricultura
_xAspectos económicos
_zCibao (República Dominicana)
650 4 _aAgricultura y Estado
_zRepública Dominicana.
910 _a VMateo V
942 _2ddc
_cBK
999 _c14138
_d14138